Kraje najbliżej Belgii - Statystyki

Ogólne statystyki
  • Ten quiz został rozwiązany 1 991 razy
  • Średni wynik to 17 z 20
Statystyki odpowiedzi
km kraj % Poprawnych
0 Francja
99%
0 Holandia
99%
0 Niemcy
99%
595 Polska
98%
0 Luksemburg
95%
404 Czechy
93%
450 Dania
93%
357 Áustria
92%
254 Szwajcaria
91%
426 Włochy
91%
80 Zjednoczone Królestwo
91%
734 Norwegia
90%
658 Szwecja
89%
785 Słowacja
87%
372 Liechtenstein
83%
622 Irlandia
79%
668 Słowenia
78%
731 Chorwacja
66%
657 Monako
64%
799 San Marino
63%
Nie znaleziono quizów pasujących do podanych kryteriów
Rozkład punktacji
Procent ludzi z każdym wynikiem
Percentyl według liczby udzielonych odpowiedzi
Twoja historia wyników
Nie rozwiązałeś tego quizu